00600 2200205 4500001002100000005001500021035002000036007000300056008004100059020002200100082001000122084001600132100002400148245009500172260003800267300004200305650000900347650001900356650001900375INLIS00000000000155720260127094740 a0010-0126000016ta260127 g 0 ind  a978-979-582-241-7 a635.6 a635.6 NUR b0 aNur Laili Rahmawati1 aBUDIDAYA CABAI DI DATARAN TINGGI STANDAR OPERASIONAL PROSEDUR (SOP) /cNur Laili Rahmawati aJakarta :bPertanian Press,c2023 avi, 95 hlm, :bilus, ;c15 cm x 21 cm 4aBuku 4aBUDIDAYA CABAI 4aDATARAN TINGGI